[Event "Madrid ch 2009/10 Semifinal B"]
[Site "Madrid ESP"]
[Date "2010.01.16"]
[Round "5.2"]
[White "Alcazar Jimenez, Jesus Alberto"]
[Black "Nieto de la Cruz, Julio"]
[Result "1-0"]
[WhiteElo "2249"]
[BlackElo "2131"]
[PlyCount "80"]
[EventDate "2010.01.08"]
[EventType "swiss"]
[EventRounds "9"]
[EventCountry "ESP"]
[Source "lmi"]
[SourceDate "2010.01.08"]

1. c4 e5 2. Nc3 Nc6 3. Nf3 Nf6 4. g3 Bc5 5. Bg2 O-O 6. Nxe5 Bxf2+ 7. Kxf2 Nxe5
8. d3 Neg4+ 9. Kg1 Qe7 10. e4 d6 11. h3 Ne5 12. Qe2 Be6 13. Nd5 Nxd5 14. cxd5
Bd7 15. d4 Ng6 16. h4 Rfe8 17. h5 Nf8 18. Bf4 Bc8 19. Kh2 Nd7 20. Rae1 Nf6 21.
Bf3 Qd7 22. Qc4 Ng4+ 23. Kg2 Qd8 24. e5 Bf5 25. Rh4 Nh6 26. Qc1 dxe5 27. dxe5
f6 28. e6 Rc8 29. Bxh6 gxh6 30. Qxh6 Qe7 31. Rf4 Bd3 32. Qxf6 Qxf6 33. Rxf6 Re7
34. Be4 Bb5 35. b3 Rd8 36. a4 Ba6 37. Re3 Rf8 38. Rxf8+ Kxf8 39. Rf3+ Kg7 40.
Bd3 b5 1-0

[Event "Madrid ch 2009/10 Semifinal B"]
[Site "Madrid ESP"]
[Date "2010.01.16"]
[Round "5.3"]
[White "Vazquez Torres, Adrian"]
[Black "Elissalt Cardenas, Hector"]
[Result "1-0"]
[WhiteElo "2139"]
[BlackElo "2358"]
[PlyCount "69"]
[EventDate "2010.01.08"]
[EventType "swiss"]
[EventRounds "9"]
[EventCountry "ESP"]
[Source "lmi"]
[SourceDate "2010.01.08"]

1. e4 g6 2. d4 Bg7 3. Nf3 c6 4. Nc3 d5 5. Bf4 f6 6. Bd3 Nh6 7. Qe2 Nf7 8. exd5
cxd5 9. Nb5 O-O 10. O-O Nc6 11. c4 e5 12. cxd5 exf4 13. dxc6 bxc6 14. Nc3 Bg4
15. Bc4 Kh8 16. Bxf7 Rxf7 17. Ng5 fxg5 18. Qxg4 f3 19. Rad1 Rf4 20. Qe6 fxg2
21. Kxg2 Qf8 22. Ne2 Rf6 23. Qc4 Re8 24. Ng3 h5 25. f3 Rf4 26. Qxc6 h4 27. Ne4
h3+ 28. Kg1 Rexe4 29. Qxg6 Bxd4+ 30. Kh1 Re5 31. Rc1 Rf6 32. Qh5+ Kg7 33. Rc7+
Rf7 34. Rc6 Kg8 35. Rg6+ 1-0

[Event "Madrid ch 2009/10 Semifinal B"]
[Site "Madrid ESP"]
[Date "2010.01.16"]
[Round "5.4"]
[White "Suarez Uriel, Adrian"]
[Black "Ramirez Garcia, Jorge Alberto"]
[Result "0-1"]
[WhiteElo "2137"]
[BlackElo "2176"]
[PlyCount "101"]
[EventDate "2010.01.08"]
[EventType "swiss"]
[EventRounds "9"]
[EventCountry "ESP"]
[Source "lmi"]
[SourceDate "2010.01.08"]

1. e4 e6 2. d4 d5 3. Nc3 Nf6 4. e5 Nfd7 5. f4 c5 6. Nf3 Nc6 7. Be3 a6 8. Qd2 b5
9. Qf2 Qb6 10. Nd1 cxd4 11. Nxd4 Bc5 12. Nxc6 Qxc6 13. Bd3 Bb7 14. Qg3 Bxe3 15.
Qxe3 g5 16. Nf2 Qc7 17. fxg5 Qxe5 18. Qxe5 Nxe5 19. O-O-O Ke7 20. Rde1 Kd6 21.
Re3 Rag8 22. h4 h6 23. Rhe1 Nxd3+ 24. Rxd3 hxg5 25. hxg5 Rh2 26. Rg3 d4 27.
Ne4+ Bxe4 28. Rxe4 e5 29. Reg4 Rg6 30. c3 dxc3 31. Rxc3 Rh5 32. Ra3 Ke7 33.
Rag3 Ke6 34. a4 Kf5 35. axb5 axb5 36. Rb4 Rgxg5 37. Rf3+ Kg6 38. Rxb5 Rxg2 39.
Rf1 f6 40. Rb8 Rhh2 41. Rf8 Rc2+ 42. Kd1 Rcd2+ 43. Kc1 Rc2+ 44. Kd1 Rcf2 45.
Rg1+ Kf5 46. b4 Rd2+ 47. Kc1 Rc2+ 48. Kb1 Rb2+ 49. Kc1 Rhc2+ 50. Kd1 Rf2 51.
Rb8 0-1

[Event "Madrid ch 2009/10 Semifinal B"]
[Site "Madrid ESP"]
[Date "2010.01.16"]
[Round "5.5"]
[White "Baigorri Navarro, Fco. Javier"]
[Black "Montanes Arribas, Adrian"]
[Result "0-1"]
[WhiteElo "2175"]
[BlackElo "2158"]
[PlyCount "134"]
[EventDate "2010.01.08"]
[EventType "swiss"]
[EventRounds "9"]
[EventCountry "ESP"]
[Source "lmi"]
[SourceDate "2010.01.08"]

1. d4 d5 2. c4 c6 3. Nc3 Nf6 4. Nf3 dxc4 5. a4 Bf5 6. e3 e6 7. Bxc4 Bb4 8. O-O
O-O 9. Qe2 Nbd7 10. e4 Bg6 11. Bd3 Bh5 12. e5 Nd5 13. Nxd5 cxd5 14. Qe3 Bg6 15.
Ng5 Re8 16. f4 f5 17. g4 fxg4 18. Bxg6 hxg6 19. Qg3 Qb6 20. Be3 Be7 21. Qxg4
Bxg5 22. Qxg5 Nf8 23. Rf2 Qb3 24. Ra3 Qd1+ 25. Kg2 Rac8 26. Qg3 Rc2 27. b4 Rec8
28. Ra2 Rxa2 29. Rxa2 Rc2+ 30. Rxc2 Qxc2+ 31. Bf2 Qxa4 32. Qc3 Qc6 33. Qxc6
bxc6 34. Bh4 Nd7 35. Be7 Kf7 36. Bd6 a6 37. Kf3 Nb6 38. Kg4 Nc4 39. Bc7 Nd2 40.
Bb6 Ne4 41. h4 Nf2+ 42. Kf3 Nd3 43. Ba5 Ne1+ 44. Ke2 Ng2 45. Kf3 Nxh4+ 46. Kg4
Ng2 47. Kf3 Ne1+ 48. Ke2 Nc2 49. Kd3 Na3 50. Bd8 g5 51. fxg5 Kg6 52. Be7 Kf5
53. Bf8 g6 54. Be7 Kf4 55. Bd8 Nc4 56. Kc3 Ke4 57. Be7 Ne3 58. Bd8 Nf5 59. Bb6
Ke3 60. Bc5 Ng3 61. Kb3 Ne4 62. Bb6 Kd3 63. Ka4 Nxg5 64. Ka5 Kc4 65. Bc5 Ne4
66. Kb6 g5 67. Kxc6 g4 0-1

[Event "Madrid ch 2009/10 Semifinal B"]
[Site "Madrid ESP"]
[Date "2010.01.16"]
[Round "5.6"]
[White "Garcia Salamero, Gabriel"]
[Black "Martinez De Miguel, Pedro"]
[Result "1-0"]
[WhiteElo "2155"]
[BlackElo "2144"]
[PlyCount "45"]
[EventDate "2010.01.08"]
[EventType "swiss"]
[EventRounds "9"]
[EventCountry "ESP"]
[Source "lmi"]
[SourceDate "2010.01.08"]

1. e4 c5 2. Nf3 d6 3. d4 cxd4 4. Nxd4 Nf6 5. Nc3 a6 6. h3 e6 7. g4 d5 8. exd5
Nxd5 9. Nde2 Bb4 10. Bg2 O-O 11. O-O Nxc3 12. bxc3 Bc5 13. Rb1 Nc6 14. Ng3 Qc7
15. Ne4 Be7 16. Be3 Ne5 17. Bb6 Qb8 18. Nc5 Re8 19. Nxb7 Bxb7 20. Bd4 Qd6 21.
Rxb7 Rab8 22. Qe2 Nc6 23. Bxc6 1-0

[Event "Madrid ch 2009/10 Semifinal B"]
[Site "Madrid ESP"]
[Date "2010.01.16"]
[Round "5.7"]
[White "Perez de Aranda A., Leonardo I"]
[Black "Sotnikov, Taras"]
[Result "1-0"]
[WhiteElo "2216"]
[BlackElo "2005"]
[PlyCount "61"]
[EventDate "2010.01.08"]
[EventType "swiss"]
[EventRounds "9"]
[EventCountry "ESP"]
[Source "lmi"]
[SourceDate "2010.01.08"]

1. d4 g6 2. e4 d6 3. Nc3 Nf6 4. f4 Bg7 5. Nf3 Bg4 6. h3 Bxf3 7. Qxf3 c6 8. Be3
Qa5 9. O-O-O d5 10. e5 Ne4 11. Nxe4 dxe4 12. Qg4 O-O 13. Bc4 e6 14. Qe2 Nd7 15.
Bd2 Qc7 16. Qxe4 Nb6 17. Bd3 Rfd8 18. g4 c5 19. dxc5 Qxc5 20. Be3 Qa5 21. Kb1
Rd5 22. h4 Rad8 23. h5 Qa4 24. Qf3 Ra5 25. a3 Nd5 26. Bd2 Rc5 27. hxg6 hxg6 28.
f5 Bxe5 29. fxe6 fxe6 30. Bxg6 Rf8 31. Bh7+ 1-0

[Event "Madrid ch 2009/10 Semifinal B"]
[Site "Madrid ESP"]
[Date "2010.01.16"]
[Round "5.8"]
[White "Argente Rodriguez, Juan Jose"]
[Black "Cerrato Torrijos, Maria"]
[Result "0-1"]
[WhiteElo "2128"]
[BlackElo "2012"]
[PlyCount "66"]
[EventDate "2010.01.08"]
[EventType "swiss"]
[EventRounds "9"]
[EventCountry "ESP"]
[Source "lmi"]
[SourceDate "2010.01.08"]

1. c4 e5 2. g3 Nc6 3. Bg2 g6 4. Nc3 Bg7 5. d3 d6 6. e4 Nge7 7. Nge2 O-O 8. O-O
Be6 9. Be3 f5 10. Nd5 Qd7 11. Qd2 Rf7 12. Rae1 Raf8 13. f4 Nd8 14. Nec3 c6 15.
Nxe7+ Qxe7 16. exf5 gxf5 17. b3 a6 18. Ne2 Kh8 19. fxe5 dxe5 20. d4 e4 21. d5
cxd5 22. cxd5 Bd7 23. Rc1 Be5 24. Bc5 Bd6 25. Qc3+ Kg8 26. Bd4 Bb5 27. Rf2 e3
28. Qxe3 Qxe3 29. Bxe3 Re8 30. Bf4 Ba3 31. Rc2 Bd3 32. Rd2 Bc5 33. Rxd3 Rxe2
0-1

[Event "Madrid ch 2009/10 Semifinal B"]
[Site "Madrid ESP"]
[Date "2010.01.16"]
[Round "5.9"]
[White "Prieto Honorato, Juan Maria"]
[Black "Sanchez Millan, Eduardo"]
[Result "1-0"]
[WhiteElo "2098"]
[BlackElo "1978"]
[PlyCount "37"]
[EventDate "2010.01.08"]
[EventType "swiss"]
[EventRounds "9"]
[EventCountry "ESP"]
[Source "lmi"]
[SourceDate "2010.01.08"]

1. d4 Nf6 2. Nf3 e6 3. Bf4 d5 4. e3 Bd6 5. Ne5 O-O 6. Bd3 c5 7. c3 Nc6 8. Nd2
Qc7 9. Ndf3 h6 10. h4 cxd4 11. exd4 Nd7 12. Qe2 Re8 13. Rh3 f6 14. Rg3 Ndxe5
15. dxe5 Nxe5 16. Nxe5 Bxe5 17. Bxe5 fxe5 18. Qh5 Bd7 19. Qxh6 1-0

[Event "Madrid ch 2009/10 Semifinal B"]
[Site "Madrid ESP"]
[Date "2010.01.16"]
[Round "5.10"]
[White "Fernandez Lledo, Javier"]
[Black "Madurga Lopez, Ignacio"]
[Result "1-0"]
[WhiteElo "2064"]
[BlackElo "1913"]
[PlyCount "55"]
[EventDate "2010.01.08"]
[EventType "swiss"]
[EventRounds "9"]
[EventCountry "ESP"]
[Source "lmi"]
[SourceDate "2010.01.08"]

1. e4 c5 2. Nf3 d6 3. d4 cxd4 4. Nxd4 Nf6 5. Nc3 a6 6. f3 e5 7. Nb3 Be6 8. Be3
Be7 9. Qd2 O-O 10. O-O-O Nbd7 11. g4 b5 12. h4 Nb6 13. Qf2 Nfd7 14. Kb1 b4 15.
Nd5 Bxd5 16. exd5 a5 17. Bb5 a4 18. Nc1 Ra5 19. Bc6 Nc4 20. Bd2 Nc5 21. Bxb4
Nxb2 22. Kxb2 a3+ 23. Kb1 Qb6 24. c3 Rb8 25. Nb3 Nxb3 26. Qxb6 Rxb6 27. axb3
a2+ 28. Ka1 1-0

[Event "Madrid ch 2009/10 Semifinal B"]
[Site "Madrid ESP"]
[Date "2010.01.16"]
[Round "5.11"]
[White "Martin Duque, Jesus"]
[Black "Ocana Lameiro, Oliver"]
[Result "0-1"]
[WhiteElo "2060"]
[BlackElo "1927"]
[PlyCount "46"]
[EventDate "2010.01.08"]
[EventType "swiss"]
[EventRounds "9"]
[EventCountry "ESP"]
[Source "lmi"]
[SourceDate "2010.01.08"]

1. e4 e5 2. Nf3 d6 3. d4 Bg4 4. dxe5 Nd7 5. exd6 Bxd6 6. Be2 Qe7 7. Nc3 Ngf6 8.
Bg5 h6 9. Bxf6 gxf6 10. h3 Bh5 11. Nd4 Bg6 12. Bd3 Bb4 13. O-O Bxc3 14. bxc3
O-O-O 15. f4 Bxe4 16. Re1 Nc5 17. Qe2 Rde8 18. Bxe4 Nxe4 19. Qc4 Qd6 20. Nf3
Qxf4 21. Rad1 Rhg8 22. Qxf7 Rxg2+ 23. Kxg2 Qg3+ 0-1

[Event "Madrid ch 2009/10 Semifinal B"]
[Site "Madrid ESP"]
[Date "2010.01.16"]
[Round "5.12"]
[White "Gomez Gonzalez, Javier"]
[Black "Cardena Contreras, Javier"]
[Result "1/2-1/2"]
[WhiteElo "2041"]
[BlackElo "1899"]
[PlyCount "124"]
[EventDate "2010.01.08"]
[EventType "swiss"]
[EventRounds "9"]
[EventCountry "ESP"]
[Source "lmi"]
[SourceDate "2010.01.08"]

1. c4 e5 2. d3 Nf6 3. g3 d5 4. cxd5 Qxd5 5. Nf3 e4 6. dxe4 Qxd1+ 7. Kxd1 Nxe4
8. Be3 Nc6 9. Nbd2 Nf6 10. Rc1 Nd5 11. Bc5 Bxc5 12. Rxc5 Nb6 13. Kc1 Be6 14.
Ng5 Bd7 15. Bg2 O-O 16. Rd1 Na4 17. Rc4 Nb6 18. Rf4 h6 19. Nge4 Nd5 20. Rh4 b6
21. Nb3 Nce7 22. Nc3 c6 23. Nxd5 Nxd5 24. Bxd5 cxd5 25. Rxd5 Be6 26. Rd6 Rac8+
27. Kd2 Rc7 28. Rhd4 Kh7 29. Rd8 Rxd8 30. Rxd8 Bxb3 31. axb3 Kg6 32. e4 Kf6 33.
Re8 g5 34. h4 gxh4 35. gxh4 Rc5 36. Ra8 Rc7 37. Kd3 Kg6 38. Ke3 Kh5 39. Rh8 Rc2
40. f4 Rxb2 41. e5 Rxb3+ 42. Ke4 Kg6 43. Rg8+ Kh7 44. Rg1 a5 45. f5 Rb2 46. e6
fxe6 47. fxe6 Re2+ 48. Kd5 Rd2+ 49. Kc6 Re2 50. Kd7 Rd2+ 51. Ke8 a4 52. Rb1 a3
53. Rxb6 Rb2 54. Ra6 a2 55. h5 Kg7 56. Kd7 Rd2+ 57. Ke7 Rb2 58. Ra4 Re2 59.
Rg4+ Kh7 60. Ra4 Kg7 61. Rg4+ Kh7 62. Ra4 Kg7 1/2-1/2

[Event "Madrid ch 2009/10 Semifinal B"]
[Site "Madrid ESP"]
[Date "2010.01.16"]
[Round "5.13"]
[White "Mansilla Tolosa, Luis"]
[Black "Cabanas Bravo, Juan Andres"]
[Result "0-1"]
[WhiteElo "2109"]
[BlackElo "2059"]
[PlyCount "58"]
[EventDate "2010.01.08"]
[EventType "swiss"]
[EventRounds "9"]
[EventCountry "ESP"]
[Source "lmi"]
[SourceDate "2010.01.08"]

1. d4 Nf6 2. c4 g6 3. Nc3 d5 4. Nf3 Bg7 5. g3 O-O 6. Bg2 dxc4 7. Ne5 Ne8 8. e3
c5 9. O-O cxd4 10. exd4 Nd6 11. Qe2 h5 12. Rd1 Na6 13. Nxc4 Bg4 14. f3 Bf5 15.
Be3 Nb4 16. Rac1 Nd3 17. Rxd3 Nxc4 18. Rdd1 Nxe3 19. Qxe3 Rc8 20. h3 Qb6 21.
Rd2 e5 22. Ne2 Rxc1+ 23. Nxc1 exd4 24. Qb3 Qc7 25. Ne2 d3 26. Nf4 Bh6 27. Nd5
Qxg3 28. Rd1 Bxh3 29. Ne7+ Kh7 0-1

[Event "Madrid ch 2009/10 Semifinal B"]
[Site "Madrid ESP"]
[Date "2010.01.16"]
[Round "5.14"]
[White "Rodriguez Vignote, Javier"]
[Black "Tome Vazquez, Oscar"]
[Result "0-1"]
[WhiteElo "1891"]
[BlackElo "2022"]
[PlyCount "72"]
[EventDate "2010.01.08"]
[EventType "swiss"]
[EventRounds "9"]
[EventCountry "ESP"]
[Source "lmi"]
[SourceDate "2010.01.08"]

1. d4 g6 2. c4 Bg7 3. Nc3 d6 4. e4 e5 5. Nf3 Nc6 6. d5 Nce7 7. Be2 f5 8. exf5
Nxf5 9. Bg5 Nf6 10. g4 Ne7 11. h3 O-O 12. Qc2 c6 13. dxc6 bxc6 14. O-O-O Ne8
15. Qe4 Qc7 16. Bxe7 Qxe7 17. Qxc6 Bb7 18. Nd5 Qf7 19. Qb5 Rb8 20. Rhf1 Nc7 21.
Qa5 Ne6 22. Nd2 e4 23. Nc3 Nf4 24. Rde1 Rfc8 25. f3 Nxe2+ 26. Rxe2 exf3 27.
Ref2 Bd4 28. Rxf3 Bxf3 29. Rxf3 Qb7 30. Kd1 Rc5 31. Qa4 Re5 32. Nb5 Be3 33.
Nxd6 Qxb2 34. Qc2 Bxd2 35. Qxd2 Qb1+ 36. Qc1 Re1+ 0-1

[Event "Madrid ch 2009/10 Semifinal B"]
[Site "Madrid ESP"]
[Date "2010.01.16"]
[Round "5.15"]
[White "Vukotic Jovsic, Dragan"]
[Black "Garcia Serrano, Jose Manuel"]
[Result "0-1"]
[WhiteElo "1984"]
[BlackElo "1921"]
[PlyCount "62"]
[EventDate "2010.01.08"]
[EventType "swiss"]
[EventRounds "9"]
[EventCountry "ESP"]
[Source "lmi"]
[SourceDate "2010.01.08"]

1. d4 d5 2. Bf4 Bf5 3. c4 Nc6 4. Nc3 e6 5. cxd5 exd5 6. e3 a6 7. Nf3 Nf6 8. Qb3
Bd6 9. Bg5 Be7 10. Bxf6 gxf6 11. Qxb7 Nb4 12. O-O-O Rb8 13. Qa7 Rb6 14. Nh4 Bg6
15. Nxg6 hxg6 16. Kb1 Nc6 17. Qxb6 cxb6 18. Bxa6 O-O 19. h4 Qd7 20. g4 Qxg4 21.
h5 Nb4 22. hxg6 fxg6 23. Be2 Qf5+ 24. e4 dxe4 25. Bc4+ Kg7 26. a3 e3+ 27. Ka1
Ra8 28. fxe3 Nc2+ 29. Ka2 Nxa3 30. Bd3 Qa5 31. Rdg1 Nc4+ 0-1

[Event "Madrid ch 2009/10 Semifinal B"]
[Site "Madrid ESP"]
[Date "2010.01.16"]
[Round "5.16"]
[White "Martin Prieto, Oscar"]
[Black "Navas Jimenez, Julian"]
[Result "1/2-1/2"]
[WhiteElo "1982"]
[BlackElo "1962"]
[PlyCount "110"]
[EventDate "2010.01.08"]
[EventType "swiss"]
[EventRounds "9"]
[EventCountry "ESP"]
[Source "lmi"]
[SourceDate "2010.01.08"]

1. d4 Nf6 2. Bg5 e6 3. Bxf6 Qxf6 4. c4 Bb4+ 5. Nc3 c5 6. e3 O-O 7. Nf3 b6 8.
Rc1 Bb7 9. Be2 Rd8 10. O-O d6 11. a3 Bxc3 12. Rxc3 Nd7 13. Qd3 Nf8 14. Rd1 e5
15. d5 Bc8 16. e4 Ng6 17. g3 Bd7 18. Nd2 Rf8 19. Rf1 Bh3 20. Rb1 Qg5 21. Bf1
Bxf1 22. Rxf1 h5 23. Qe3 Qxe3 24. Rxe3 Ne7 25. f4 f6 26. fxe5 fxe5 27. Nf3 Rf6
28. Ng5 Raf8 29. Rxf6 Rxf6 30. Kg2 Ng6 31. Ne6 Nf8 32. Nd8 g6 33. Nc6 Rf7 34.
Rf3 Rd7 35. b4 Kg7 36. bxc5 bxc5 37. Rb3 Nh7 38. a4 Ng5 39. Re3 Rb7 40. Re2 a6
41. a5 Rb3 42. h4 Nf7 43. Rc2 Nh6 44. Ne7 Ng4 45. Kh3 Ne3 46. Rc1 Rb2 47. g4
Nxg4 48. Kg3 Rb3+ 49. Kg2 Ne3+ 50. Kh2 Ng4+ 51. Kg2 Re3 52. Nc8 Rxe4 53. Nxd6
Re2+ 54. Kf3 Re3+ 55. Kg2 Re2+ 1/2-1/2

[Event "Madrid ch 2009/10 Semifinal B"]
[Site "Madrid ESP"]
[Date "2010.01.16"]
[Round "5.17"]
[White "Tirado Parra, Alberto"]
[Black "Morona Minguez, Irene"]
[Result "1/2-1/2"]
[WhiteElo "1957"]
[BlackElo "1867"]
[PlyCount "84"]
[EventDate "2010.01.08"]
[EventType "swiss"]
[EventRounds "9"]
[EventCountry "ESP"]
[Source "lmi"]
[SourceDate "2010.01.08"]

1. d4 Nf6 2. Nf3 g6 3. c4 Bg7 4. Nc3 O-O 5. g3 d6 6. Bg2 Nbd7 7. O-O e5 8. h3
a6 9. e4 b5 10. cxb5 axb5 11. dxe5 dxe5 12. Bg5 Bb7 13. Re1 b4 14. Nd5 Bxd5 15.
exd5 h6 16. Bxf6 Bxf6 17. Qd2 Bg7 18. Qxb4 Rb8 19. Qd2 e4 20. Nd4 Nc5 21. Nc6
Rxb2 22. Qxb2 Bxb2 23. Nxd8 Bxa1 24. Rxa1 Rxd8 25. Rd1 f5 26. Bf1 Kf8 27. Bb5
Ke7 28. a4 Ra8 29. Rc1 Kd6 30. Bc6 Ra5 31. Rc4 Nd3 32. Kf1 g5 33. Ke2 h5 34.
Ke3 f4+ 35. gxf4 gxf4+ 36. Kxe4 Nxf2+ 37. Kxf4 Nxh3+ 38. Kg3 Ng5 39. Kh4 Nf3+
40. Kxh5 Ne5 41. Rc1 Nxc6 42. Rxc6+ Kxd5 1/2-1/2

[Event "Madrid ch 2009/10 Semifinal B"]
[Site "Madrid ESP"]
[Date "2010.01.22"]
[Round "6.1"]
[White "Serrano Salvador, Eduardo"]
[Black "Vazquez Torres, Adrian"]
[Result "1-0"]
[WhiteElo "2324"]
[BlackElo "2139"]
[PlyCount "99"]
[EventDate "2010.01.08"]
[EventType "swiss"]
[EventRounds "9"]
[EventCountry "ESP"]
[Source "lmi"]
[SourceDate "2010.01.08"]

1. d4 Nf6 2. Nf3 e6 3. c4 c5 4. d5 d6 5. Nc3 exd5 6. cxd5 g6 7. g3 Bg7 8. Bg2
O-O 9. O-O Na6 10. Nd2 Nc7 11. a4 Re8 12. h3 b6 13. Re1 Ba6 14. e4 Nd7 15. Bf1
Bxf1 16. Nxf1 Qc8 17. Kg2 Qa6 18. Bf4 Ne5 19. Bxe5 Bxe5 20. Qb3 Re7 21. Nb5
Nxb5 22. axb5 Qb7 23. Nd2 Rae8 24. Ra4 Bd4 25. Rea1 Qb8 26. Qa2 Qd8 27. Qb3 Qb8
28. Qa2 Qd8 29. Rxa7 Rxa7 30. Qxa7 Bxb2 31. Ra4 Bd4 32. Ra3 Kg7 33. Qb7 Re7 34.
Ra8 Rxb7 35. Rxd8 Ra7 36. Nf3 Ra5 37. Rxd6 Rxb5 38. Rc6 Rb2 39. Nxd4 cxd4 40.
d6 Kf6 41. e5+ Ke6 42. Rc7 Rb5 43. Re7+ Kf5 44. Kf3 Rd5 45. g4+ Kg5 46. Kg3 Kh6
47. Rxf7 g5 48. e6 Kg6 49. d7 d3 50. Rf8 1-0

[Event "Madrid ch 2009/10 Semifinal B"]
[Site "Madrid ESP"]
[Date "2010.01.22"]
[Round "6.2"]
[White "Alcazar Jimenez, Jesus Alberto"]
[Black "Montanes Arribas, Adrian"]
[Result "1-0"]
[WhiteElo "2249"]
[BlackElo "2158"]
[PlyCount "91"]
[EventDate "2010.01.08"]
[EventType "swiss"]
[EventRounds "9"]
[EventCountry "ESP"]
[Source "lmi"]
[SourceDate "2010.01.08"]

1. e4 c5 2. Nf3 d6 3. d4 cxd4 4. Nxd4 Nf6 5. Nc3 a6 6. Be3 e5 7. Nb3 Be7 8. f3
Be6 9. Qd2 O-O 10. g4 d5 11. exd5 Nxd5 12. Nxd5 Qxd5 13. Qxd5 Bxd5 14. Be2 Nd7
15. O-O-O Be6 16. Na5 Bc5 17. Bxc5 Nxc5 18. Nc4 f6 19. Rd6 Kf7 20. Rhd1 Ke7 21.
b4 Na4 22. Nb6 Nc3 23. Rxe6+ Kxe6 24. Bc4+ Ke7 25. Rd7+ Ke8 26. Rxb7 Rd8 27.
Rxg7 Rd1+ 28. Kb2 Nb5 29. a4 Nd6 30. Rxh7 Nxc4+ 31. Nxc4 Rd7 32. Rh5 Ke7 33. g5
Rc7 34. Ne3 Ke6 35. Rh6 Rg7 36. h4 Rb7 37. Kb3 e4 38. fxe4 Ke5 39. Ng4+ Kd4 40.
Rxf6 Rc8 41. Rd6+ Kxe4 42. c3 Rbc7 43. Rd4+ Kf3 44. Ne5+ Ke3 45. Nc4+ Kf3 46.
h5 1-0

[Event "Madrid ch 2009/10 Semifinal B"]
[Site "Madrid ESP"]
[Date "2010.01.22"]
[Round "6.3"]
[White "Ramirez Garcia, Jorge Alberto"]
[Black "Garcia Salamero, Gabriel"]
[Result "1-0"]
[WhiteElo "2176"]
[BlackElo "2155"]
[PlyCount "157"]
[EventDate "2010.01.08"]
[EventType "swiss"]
[EventRounds "9"]
[EventCountry "ESP"]
[Source "lmi"]
[SourceDate "2010.01.08"]

1. e4 e5 2. Nf3 Nf6 3. Nxe5 d6 4. Nf3 Nxe4 5. Nc3 Nxc3 6. dxc3 Be7 7. Be3 Nd7
8. Qd2 Nc5 9. O-O-O O-O 10. h4 Bf6 11. Bxc5 dxc5 12. Qf4 Qe7 13. g4 g6 14. g5
Bh8 15. Bc4 Be6 16. Rhe1 Rad8 17. Rxd8 Rxd8 18. Qe4 c6 19. Bxe6 fxe6 20. Qxe6+
Qxe6 21. Rxe6 Kf7 22. Re3 Rd5 23. Rd3 Ke6 24. Kd2 Kf5 25. Ke2 Kg4 26. Re3 Rf5
27. Re4+ Rf4 28. Nh2+ Kf5 29. Re8 Bg7 30. Re7 Re4+ 31. Rxe4 Kxe4 32. f3+ Kf4
33. Kf2 h6 34. gxh6 Bxh6 35. Ng4 Bf8 36. Ne3 Bd6 37. Ng2+ Kf5 38. Ne3+ Kf4 39.
Ng2+ Kf5 40. Ke2 Bc7 41. Kd3 b5 42. b3 a6 43. a4 Bd6 44. c4 bxa4 45. bxa4 Bc7
46. Ke3 Bd6 47. Ne1 Bf4+ 48. Kf2 Bd6 49. Nd3 Be7 50. Ke2 Bd6 51. Ke3 Be7 52. f4
Bxh4 53. Nxc5 Be7 54. Ne4 Bd8 55. Kf3 Be7 56. Ng3+ Ke6 57. Ke4 Bh4 58. Ne2 Kd6
59. Nd4 Kc5 60. Nf3 Bf6 61. Ne5 Bg7 62. Nxg6 Kxc4 63. Ne5+ Kb4 64. Nxc6+ Kxa4
65. Kd5 Bc3 66. Kc4 Bf6 67. Kc5 Ka3 68. c4 Kb3 69. Na5+ Kc3 70. Kd5 Kb4 71.
Nc6+ Ka4 72. c5 a5 73. Kc4 Bh4 74. Nd4 Ka3 75. c6 Bd8 76. c7 Bxc7 77. Nb5+ Kb2
78. Nxc7 a4 79. Nb5 1-0

[Event "Madrid ch 2009/10 Semifinal B"]
[Site "Madrid ESP"]
[Date "2010.01.22"]
[Round "6.4"]
[White "Nieto de la Cruz, Julio"]
[Black "Gemy, Jose Daniel"]
[Result "1/2-1/2"]
[WhiteElo "2131"]
[BlackElo "2214"]
[PlyCount "130"]
[EventDate "2010.01.08"]
[EventType "swiss"]
[EventRounds "9"]
[EventCountry "ESP"]
[Source "lmi"]
[SourceDate "2010.01.08"]

1. d4 Nf6 2. c4 c6 3. Nf3 d5 4. e3 Bf5 5. Nc3 e6 6. Nh4 Be4 7. f3 Bg6 8. Be2
Bd6 9. g3 Nbd7 10. O-O O-O 11. Nxg6 hxg6 12. cxd5 cxd5 13. Bd2 a6 14. a4 g5 15.
a5 Bb4 16. Qa4 Qe7 17. e4 dxe4 18. Bxg5 Qd6 19. Rad1 Bxc3 20. bxc3 Qd5 21. Bf4
g5 22. Bc1 b5 23. axb6 Nxb6 24. Qc2 Nbd7 25. Qd2 Rac8 26. Bxa6 exf3 27. c4 Qf5
28. Qxg5+ Qxg5 29. Bxg5 Ra8 30. Bb7 Ra2 31. Bxf3 Rb8 32. Rb1 Rc8 33. c5 Nd5 34.
Rf2 Ra4 35. Rd2 Nb8 36. Bd1 Ra7 37. Rdb2 Nc6 38. Rd2 Nc3 39. Rc1 Ne4 40. d5
Nxd2 41. Bxd2 exd5 42. Bf3 Nd4 43. Bd1 Ra2 44. Bf4 Re8 45. Bg4 Nb3 46. Rd1 Nxc5
47. h4 Nd3 48. Bd2 Nb2 49. Rf1 Nc4 50. Bc1 d4 51. Bh5 Ra7 52. Rd1 d3 53. Bg5
Rd7 54. Kf2 Rd4 55. Bf3 Ne5 56. Bh5 Rd5 57. Bf4 Ng6 58. Bg5 f6 59. Bxg6 Re2+
60. Kf1 fxg5 61. Bxd3 Rxd3 62. Rxd3 Re5 63. h5 g4 64. Rd4 Rg5 65. h6 Rg6
1/2-1/2

[Event "Madrid ch 2009/10 Semifinal B"]
[Site "Madrid ESP"]
[Date "2010.01.22"]
[Round "6.5"]
[White "Elissalt Cardenas, Hector"]
[Black "Prieto Honorato, Juan Maria"]
[Result "1-0"]
[WhiteElo "2358"]
[BlackElo "2098"]
[PlyCount "49"]
[EventDate "2010.01.08"]
[EventType "swiss"]
[EventRounds "9"]
[EventCountry "ESP"]
[Source "lmi"]
[SourceDate "2010.01.08"]

1. c4 g6 2. Nc3 Bg7 3. g3 Nf6 4. Bg2 O-O 5. e4 d6 6. Nge2 Nc6 7. O-O e5 8. d3
h6 9. h3 Nh7 10. Nd5 f5 11. exf5 Bxf5 12. Be3 Ng5 13. g4 Bd7 14. f4 exf4 15.
Nexf4 Ne5 16. d4 Nxc4 17. Qb3 c6 18. Qxc4 cxd5 19. Bxd5+ Kh7 20. Qd3 Rf6 21. h4
Ne6 22. Nxg6 Kg8 23. Rxf6 Bxf6 24. Nf4 Qe8 25. Qf5 1-0

[Event "Madrid ch 2009/10 Semifinal B"]
[Site "Madrid ESP"]
[Date "2010.01.22"]
[Round "6.7"]
[White "Baigorri Navarro, Fco. Javier"]
[Black "Fernandez Lledo, Javier"]
[Result "1-0"]
[WhiteElo "2175"]
[BlackElo "2064"]
[PlyCount "69"]
[EventDate "2010.01.08"]
[EventType "swiss"]
[EventRounds "9"]
[EventCountry "ESP"]
[Source "lmi"]
[SourceDate "2010.01.08"]

1. c4 Nf6 2. g3 c5 3. Bg2 e6 4. Nf3 Be7 5. O-O O-O 6. Nc3 Nc6 7. d4 cxd4 8.
Nxd4 a6 9. e4 Qc7 10. Be3 d6 11. Rc1 Ne5 12. b3 Rb8 13. h3 Ned7 14. f4 Qa5 15.
g4 Bd8 16. g5 Ne8 17. f5 Bb6 18. fxe6 fxe6 19. Rxf8+ Nxf8 20. Qf3 Bxd4 21. Bxd4
Qxg5 22. Rf1 Qe7 23. e5 Nd7 24. Qh5 dxe5 25. Nd5 exd5 26. Bxd5+ Kh8 27. Rf7 Qf6
28. Bxe5 Nxe5 29. Rxf6 Nxf6 30. Qxe5 Ra8 31. Bg2 Bd7 32. Bxb7 Re8 33. Qg3 Ne4
34. Bxe4 Rxe4 35. Qd6 1-0

[Event "Madrid ch 2009/10 Semifinal B"]
[Site "Madrid ESP"]
[Date "2010.01.22"]
[Round "6.8"]
[White "Cerrato Torrijos, Maria"]
[Black "Suarez Uriel, Adrian"]
[Result "0-1"]
[WhiteElo "2012"]
[BlackElo "2137"]
[PlyCount "76"]
[EventDate "2010.01.08"]
[EventType "swiss"]
[EventRounds "9"]
[EventCountry "ESP"]
[Source "lmi"]
[SourceDate "2010.01.08"]

1. e4 c5 2. Nf3 d6 3. d4 cxd4 4. Nxd4 Nf6 5. Nc3 Bd7 6. Be2 Nc6 7. Be3 Nxd4 8.
Qxd4 e5 9. Qd3 Be7 10. f3 Bc6 11. O-O-O a6 12. g4 b5 13. g5 Nd7 14. Nd5 Bxd5
15. Qxd5 Rc8 16. f4 Qc7 17. Rd2 Nb6 18. Bxb6 Qxb6 19. h4 exf4 20. Rf1 Qc5 21.
Rxf4 Qxd5 22. Rxd5 h6 23. a4 hxg5 24. hxg5 Rh2 25. Bd3 bxa4 26. Rg4 Kf8 27. Ra5
Rc5 28. Rxa6 Bxg5+ 29. Kd1 Bf6 30. Rxa4 Bxb2 31. Ra7 Be5 32. Rg1 Rc8 33. Rf1
Bf6 34. Rf5 Rb8 35. Kc1 Kg8 36. Rd7 Bb2+ 37. Kd1 Ra8 38. Be2 Bc3 0-1